Comparative investigation on the reclamation of NR based latex products with amines and disulfides (Record no. 55938)

MARC details
000 -LEADER
fixed length control field 00502nam a2200169Ia 4500
100 ## - MAIN ENTRY--AUTHOR NAME
Personal name Rajan V V
245 #0 - TITLE STATEMENT
Title Comparative investigation on the reclamation of NR based latex products with amines and disulfides
260 ## - PUBLICATION, DISTRIBUTION, ETC. (IMPRINT)
Name of publisher Rubber Chemistry and Technology
Year of publication 2005
300 ## - PHYSICAL DESCRIPTION
Number of Pages 855-867
650 ## - SUBJECT ADDED ENTRY--TOPICAL TERM
Topical Term NR latex products
650 ## - SUBJECT ADDED ENTRY--TOPICAL TERM
Topical Term Waste latex rubber
700 ## - ADDED ENTRY--PERSONAL NAME
Personal name Dierkes W K
700 ## - ADDED ENTRY--PERSONAL NAME
Personal name Joseph R
700 ## - ADDED ENTRY--PERSONAL NAME
Personal name Noordermeer J W M
942 ## - ADDED ENTRY ELEMENTS (KOHA)
Koha item type Journals
Holdings
Withdrawn status Lost status Damaged status Not for loan Home library Current library Shelving location Date acquired Serial Enumeration / chronology Koha item type
      Journals RRII Library RRII Library Rubber chemistry 31/08/2006 Volume 78, Issue 5 Journals